书目信息 |
| 题名: |
创造神话的光源:激光技术
|
|
| 作者: | 雷仕湛 编著 | |
| 分册: | ||
| 出版信息: | 合肥 安徽科学技术出版社 2000.01 |
|
| 页数: | 186页 | |
| 开本: | 32开 | |
| 丛书名: | ||
| 单 册: | ||
| 中图分类: | TN24-49 | |
| 科图分类: | ||
| 主题词: | 激光技术 , 微波激射技术 | |
| 电子资源: | ||
| ISBN: | 7-5337-1939-5 | |
| 000 | 00621nam0 2200205 45 | |
| 001 | 0012051755 | |
| 005 | 20001211102359.1 | |
| 010 | @a7-5337-1939-5@d9.00元 | |
| 100 | @a20001205d2000 km y0chiy0120 ea | |
| 101 | 0 | @achi |
| 105 | @a z 000yy | |
| 200 | 1 | @a创造神话的光源:激光技术@AChuang Zao Shen Hua De Guang Yuan:Ji Guang Ji Shu@f雷仕湛等编著@FLei Shi Zhan Deng Bian Zhu |
| 210 | @a合肥@c安徽科学技术出版社@d2000.01 | |
| 215 | @a186页@d32开 | |
| 606 | 0 | @a激光技术 |
| 606 | 0 | @a微波激射技术 |
| 690 | @aTN24-49@v3 | |
| 701 | 0 | @a雷仕湛@4编著 |
| 801 | @aCN@bPftUser@c20001205 | |
| 905 | @dTN24-49@eL977@b305148@f1 | |
| 创造神话的光源:激光技术/雷仕湛等编著.-合肥:安徽科学技术出版社,2000.01 |
| 186页;32开 |
| ISBN 7-5337-1939-5:9.00元 |
| ● |
| 相关链接 |
|
|
|
正题名:创造神话的光源:激光技术
索取号:TN24-49/L977
 
预约/预借
| 序号 | 登录号 | 条形码 | 馆藏地/架位号 | 状态 | 备注 |
| 1 | 305148 | 203051482 | 自科库301/301自科库 18排4列5层/ [索取号:TN24-49/L977] | 在馆 |